| 000 | 01615nam0a2200289 i 4500 | ||
|---|---|---|---|
| 001 | RU\NLR\BIBL_A\012028031 | ||
| 005 | 20241213194329.0 | ||
| 010 |
_a978-5-7779-1361-6 _9500 |
||
| 035 | _a(NLR Aleph) 012028031 | ||
| 090 |
_a11537022 _c11537022 |
||
| 100 | _a20190603d2011 k y0rusy50 ca | ||
| 101 | 0 | _arus | |
| 102 | _aRU | ||
| 105 | _ay|||z|||000zy | ||
| 200 | 1 |
_aРоссийское офицерство и Февральский революционный взрыв _eмонография _fВ.Л. Кожевин _gМинистерство образования и науки Российской Федерации, Федеральное государственное бюджетное образовательное учреждение высшего профессионального образования Омский государственный университет им. Ф.М. Достоевского |
|
| 210 |
_aОмск _cИзд-во Омского государственного университета _d2011 |
||
| 215 |
_a260 с. _d21 |
||
| 320 | _aБиблиогр. в подстроч. примеч. | ||
| 606 | 1 |
_aОфицеры _yРоссия _z1917 - 1922 _92549745 _3RU\NLR\AUTH\661508868 |
|
| 606 | 1 |
_aФевральская буржуазно-демократическая революция _z1917 _91371335 _3RU\NLR\AUTH\66260730 |
|
| 686 | 1 | _aЦ4,8(2)243.1 | |
| 686 | 1 | _aТ3(2)524.2 | |
| 700 | 1 |
_aКожевин _bВ. Л. |
|
| 942 | _cBOOK | ||
| 980 | _aNBR | ||